The Biggest Spending Clubs in Football History - Statistics

General Stats
  • This quiz has been taken 25 times
  • The average score is 20 of 25
Answer Stats
Team Expenditure % Correct
Manchester City 3.2 B
100%
Manchester United 3 B
100%
Real Madrid 2.9 B
100%
Barcelona 2.8 B
96%
Bayern Munich 1.7 B
96%
Chelsea 4.1 B
96%
Paris Saint-Germain 2.6 B
96%
Arsenal 2.2 B
92%
Liverpool 2.5 B
92%
Inter 2.6 B
88%
Juventus 3.1 B
88%
Tottenham 2.3 B
88%
Borussia Dortmund 1.3 B
83%
Atletico Madrid 2 B
75%
Newcastle United 1.5 B
75%
Olympique de Marseille 1.1 B
75%
Aston Villa 1.5 B
71%
Everton 1.3 B
71%
Milan 2.2 B
71%
Roma 1.9 B
71%
Lazio 1.2 B
67%
Napoli 1.6 B
67%
Monaco 1.4 B
46%
West Ham United 1.5 B
46%
Fiorentina 1.2 B
38%
No matching quizzes found
Score Distribution
Percent of People with Each Score
Percentile by Number Answered
Your Score History
You have not taken this quiz